Application and Legal Aspects of Compliance with the Code of Ethics of a Member of the Police Force

Teoretické a právne aspekty etického kódexu policajta v Policajnom zbore. Poukázanie porušovania etického kódexu na príkladoch, pričom na záver niektorých z nich bude predstavená právna formulácia, upravujúca postihovanie etických princípov v praxi. Aplikačné a právne aspekty dodržiavania etického k...

Description complète

Enregistré dans:
Détails bibliographiques
Auteur principal: Šimonová, Jana
Format: Chapitre de livre
Langue:slovaque
Sujets:
Tags: Ajouter un tag
Pas de tags, Soyez le premier à ajouter un tag!

MARC

LEADER 00000naa$a2200000$$$4500
001 0298765
005 20250228132530.9
041 0 |a slo 
044 |a SK 
245 1 0 |a Application and Legal Aspects of Compliance with the Code of Ethics of a Member of the Police Force  |c Jana Šimonová 
520 |a Teoretické a právne aspekty etického kódexu policajta v Policajnom zbore. Poukázanie porušovania etického kódexu na príkladoch, pričom na záver niektorých z nich bude predstavená právna formulácia, upravujúca postihovanie etických princípov v praxi. Aplikačné a právne aspekty dodržiavania etického kódexu z pohľadu právnej praxe a ukladania sankcií za porušenie etického kódexu dôstojníkov polície. 
610 2 0 |a princípy mravné 
610 2 0 |a etika 
610 2 0 |a polícia 
610 2 0 |a zložky bezpečnostné 
610 2 0 |a kódexy 
610 2 0 |a kódexy etické 
610 2 0 |a právo 
610 2 0 |a legislatíva 
610 2 0 |a zákony 
100 1 |a Šimonová, Jana